Emergency Musculoskeletal Imaging in Children

This book is a practical guide to the radiologic evaluation of acute musculoskeletal injuries of the upper and lower extremities in children. It covers the detection of more subtle and frequently missed fractures and injuries such as buckle fractures, Salter Harris I and II fractures, and epiphyseal...

Full description

Bibliographic Details
Main Authors: Swischuk, Leonard E. (Author), Jadhav, Siddharth P. (Author)
Corporate Author: SpringerLink (Online service)
Format: Electronic eBook
Language:English
Published: New York, NY : Springer New York : Imprint: Springer, 2014.
Subjects:
Online Access:Full Text via HEAL-Link
LEADER 03310nam a22004935i 4500
001 978-1-4614-7747-1
003 DE-He213
005 20151204153735.0
007 cr nn 008mamaa
008 130926s2014 xxu| s |||| 0|eng d
020 |a 9781461477471  |9 978-1-4614-7747-1 
024 7 |a 10.1007/978-1-4614-7747-1  |2 doi 
040 |d GrThAP 
050 4 |a R895-920 
072 7 |a MMPH  |2 bicssc 
072 7 |a MMP  |2 bicssc 
072 7 |a MED008000  |2 bisacsh 
082 0 4 |a 616.0757  |2 23 
100 1 |a Swischuk, Leonard E.  |e author. 
245 1 0 |a Emergency Musculoskeletal Imaging in Children  |h [electronic resource] /  |c by Leonard E. Swischuk, Siddharth P. Jadhav. 
264 1 |a New York, NY :  |b Springer New York :  |b Imprint: Springer,  |c 2014. 
300 |a IX, 235 p. 210 illus., 4 illus. in color.  |b online resource. 
336 |a text  |b txt  |2 rdacontent 
337 |a computer  |b c  |2 rdamedia 
338 |a online resource  |b cr  |2 rdacarrier 
347 |a text file  |b PDF  |2 rda 
505 0 |a General Considerations -- Infection/Inflammation and Infarction -- Tumors, Cysts and Tumor Mimickers -- Types of Fractures in Children -- Shoulder and Upper Arm Injuries of the Shoulder and Upper Humerus -- Elbow and Forearm -- Wrist and Hand -- Pelvis and Sacrum -- Hip and Femur/Femoral Shaft -- Knee and Leg -- Ankle and Foot -- Battered Child Syndrome/Non-Accidental Trauma. 
520 |a This book is a practical guide to the radiologic evaluation of acute musculoskeletal injuries of the upper and lower extremities in children. It covers the detection of more subtle and frequently missed fractures and injuries such as buckle fractures, Salter Harris I and II fractures, and epiphyseal and metaphyseal fractures.  It also emphasizes the assessment of soft tissues and periarticular fat pads, which can lead to discovery of the sites of bony injuries.  Other pathologies that affect the musculoskeletal system, such as infections and tumors,  are also discussed.  It includes over 600 magnetic resonance, computed tomography, ultrasound, and radiographic images organized by anatomic region.  Edited by Leonard Swischuk, a world-renowned expert in pediatric radiology and trauma imaging, Emergency Musculoskeletal Imaging in Children is a valuable resource for diagnostic radiologists, emergency physicians, residents, and fellows.       Leonard E. Swischuk is a world-renowned expert in pediatric radiology and trauma imaging and has received numerous honors and awards throughout his career, including the American Roentgen Ray Society’s Gold Medal for Distinguished Service to Radiology, the American Board of Radiology’s Distinguished Service Award, and the Gold Medal of The Society for Pediatric Radiology.  . 
650 0 |a Medicine. 
650 0 |a Radiology. 
650 0 |a Orthopedics. 
650 0 |a Pediatrics. 
650 1 4 |a Medicine & Public Health. 
650 2 4 |a Imaging / Radiology. 
650 2 4 |a Diagnostic Radiology. 
650 2 4 |a Pediatrics. 
650 2 4 |a Orthopedics. 
700 1 |a Jadhav, Siddharth P.  |e author. 
710 2 |a SpringerLink (Online service) 
773 0 |t Springer eBooks 
776 0 8 |i Printed edition:  |z 9781461477464 
856 4 0 |u http://dx.doi.org/10.1007/978-1-4614-7747-1  |z Full Text via HEAL-Link 
912 |a ZDB-2-SME 
950 |a Medicine (Springer-11650)